Sons of the Arctic / (Record no. 3105)

MARC details
000 -LEADER
fixed length control field 01340cam a22002531 4500
001 - CONTROL NUMBER
control field 3105
003 - CONTROL NUMBER IDENTIFIER
control field FISKH
005 - DATE AND TIME OF LATEST TRANSACTION
control field 20260113112712.0
008 - FIXED-LENGTH DATA ELEMENTS--GENERAL INFORMATION
fixed length control field 760107s1965 oncab j 000 1 eng
010 ## - LIBRARY OF CONGRESS CONTROL NUMBER
LC control number 66003393
040 ## - CATALOGING SOURCE
Original cataloging agency DLC
Transcribing agency Ak
Modifying agency DLC
Language of cataloging eng
050 00 - LIBRARY OF CONGRESS CALL NUMBER
Classification number PZ7.W6494
Item number So
082 ## - DEWEY DECIMAL CLASSIFICATION NUMBER
Classification number Fic
100 1# - MAIN ENTRY--PERSONAL NAME
Personal name Wilkinson, Douglas,
Dates associated with a name 1919-2008.
245 10 - TITLE STATEMENT
Title Sons of the Arctic /
Statement of responsibility, etc. Doug Wilkinson ; Illustrated by Prudence Seward.
250 ## - EDITION STATEMENT
Edition statement This edition published 1967
260 ## - PUBLICATION, DISTRIBUTION, ETC.
Place of publication, distribution, etc. London :
Name of publisher, distributor, etc. G. Bell & Sons,
Date of publication, distribution, etc. 1965
300 ## - PHYSICAL DESCRIPTION
Extent 172 pages :
Other physical details illustrations ; map ;
Dimensions 21 cm
520 ## - SUMMARY, ETC.
Summary, etc. This exhilarating, realistic story of the Arctic will so draw young people into it that they will share the adventures of the three Eskimo boy heroes as if they were actually taking part in them. They will savour, with them, the excitement of the annual fishing expedition before the ice closes in, the hunting, the fun, the satisfaction with basic necessities of food and warmth, and the long struggle with s blinding snowstorm. And they always feel the menacing background presence of the huge polar bear which they know the boys are bound to meet in the end.
650 ## - SUBJECT ADDED ENTRY--TOPICAL TERM
Topical term or geographic name entry element Son of the arctic
Form subdivision Juvenile Literature
700 ## - ADDED ENTRY--PERSONAL NAME
Personal name Seward, Prudence
Relator term Illustrator
906 ## - LOCAL DATA ELEMENT F, LDF (RLIN)
a 7
b cbc
c orignew
d u
e ocip
f 19
g y-gencatlg
942 ## - ADDED ENTRY ELEMENTS (KOHA)
Source of classification or shelving scheme Dewey Decimal Classification
Koha item type Books
Suppress in OPAC No
Holdings
Withdrawn status Lost status Source of classification or shelving scheme Damaged status Not for loan Collection Home library Current library Shelving location Date acquired Total Checkouts Full call number Barcode Date last seen Price effective from Koha item type
    Dewey Decimal Classification     Fiction Footprints International School Library Network Toul Kork Campus Footprints International School Library Network Toul Kork Campus   02/06/2024   WIL Fic PZ7.W6494 FIS00765 02/06/2024 02/06/2024 Books